000 00515nam a2200169 4500
001 111229
003 ES-MaACL
005 20230906185252.0
007 t|
008 061121s1971 sp r ||||1| spa d
100 1 _aOlegart, Bernd.
_986701
245 1 0 _aIdeólogos e ideologías de la nueva izquierda /
_cBernd Olegart ; traducción de Joaquín Jordá.
260 _aBarcelona :
_bAnagrama,
_c1971.
300 _a200 p. ;
_c18 cm.
700 1 _aJordá, Joaquín.
_966895
852 _aES-MaACL
_jC-47084
_bR.77181
999 _c111229
_d111229